Car Models by Picture #16 - Statistics

General Stats
  • This quiz has been taken 150 times
  • The average score is 7 of 12
Answer Stats
Picture Hint Answer % Correct
Ford Mustang
97%
Audi A4
86%
Toyota Corolla
76%
Porsche 918 Spyder
70%
Mercedes-Benz C-Class
69%
Peugeot 208
53%
Volkswagen Transporter
48%
Ferrari 250 GTO
43%
Jeep Grand Cherokee
39%
Jaguar XF
34%
Subaru Legacy
29%
Jensen Interceptor
26%
No matching quizzes found
Score Distribution
Percent of People with Each Score
Percentile by Number Answered
Your Score History
You have not taken this quiz